Tempo úvěrového zatížení domácností se začína opět zvyšovat

Hypotekárny trh ožíva a spolu s ním aj záujem ľudí o krátkodobé financovanie ako u bankových, tak aj nebankových veriteľov. Platobná morálka dlžníkov sa síce u krátkodobých úverov zhoršuje, ale len veľmi pomaly. Naopak u hypotekárnych úverov ľudia svoje záväzky splácajú včas. Je situácia ale skutočn...

Descrizione completa

Salvato in:
Dettagli Bibliografici
Autore principale: Rajl, Jiří
Natura: Capitolo di libro
Lingua:ceco
Soggetti:
Tags: Aggiungi Tag
Nessun Tag, puoi essere il primo ad aggiungerne!!

MARC

LEADER 00000naa a2200000 4500
001 0304661
005 20241018113335.8
041 0 |a cze 
044 |a CZ 
245 1 0 |a Tempo úvěrového zatížení domácností se začína opět zvyšovat  |c Jiří Rajl 
520 |a Hypotekárny trh ožíva a spolu s ním aj záujem ľudí o krátkodobé financovanie ako u bankových, tak aj nebankových veriteľov. Platobná morálka dlžníkov sa síce u krátkodobých úverov zhoršuje, ale len veľmi pomaly. Naopak u hypotekárnych úverov ľudia svoje záväzky splácajú včas. Je situácia ale skutočne tak dobrá pre všetkých dlžníkov alebo sa nájdu aj výnimky? Dôvody zhoršenia platobnej morálky. 
610 2 0 |a trh hypotekárny 
610 2 0 |a úver hypotekárny 
610 2 0 |a úver spotrebiteľský 
610 2 0 |a dlžníci 
610 2 0 |a domácnosti 
610 2 0 |a splátky 
610 2 0 |a záväzky 
610 2 0 |a banky 
610 2 0 |a inštitúcie finančné 
610 2 0 |a Česko 
100 1 |a Rajl, Jiří